000 00308nam a2200133 i 4500
001 bg
100 1 _aPAJĄK, E.
245 0 _aSterowanie jakością wyrobów /
_cE. Pająk.
260 _aGorzów Wlkp.,
_c1980.
040 _cBPK
041 _apol
942 _cKS
008 s pl f |000 0 pol
999 _c22096
_d22096
856 _uhttp://koha.tu.koszalin.pl/cgi-bin/koha/opac-detail.pl?biblionumber=22096
_yKatalog online BPK